000 00620nam a2200205Ia 4500
005 20220713101805.0
008 210716s2015 xx 000 0 und d
020 _a9788126556236
040 _cAIMIT LIBRARY
041 _aeng
082 _a005.448
_21
_bABBI
100 _aAbbadi, Imad M.
_948555
245 _aCloud management and security /
_cBy Imad M. Abbadi.
250 _a1st ed.
260 _aNew Delhi :
_bWILEY ,
_c2015 .
300 _axvii, 216p. ;
_bPB
_c23.5 cm.
650 _aCloud security fundamentals
_948556
650 _aAutomated management services
_948557
942 _2ddc
_cBK
_e1st
_k005.448 ABBI
999 _c194967
_d194967